000 00326nam a2200133Ia 4500
008 191014s9999 xx 000 0 und d
020 _aLC 57-14599
082 _a620.1
_bFER
100 _aEnrico Fermi
_920450
245 0 _aThermo-dynamics
260 _aUSA
_bDover Publications INC.
_c1936
300 _aX,160
942 _cBK
999 _c531036
_d531036